01570cam a2200385 a 4500003000500000005001700005008004100022010001000063011001000073020001500083035001000098040000900108082001500117100004800132245016400180260010100344300001100445410003500456490004800491590004100539590004100580590004100621590004200662650002800704650004800732650002700780810004300807830005500850901000700905905002300912942001000935949007600945999001701021952014601038CHAP20220329142208.0000207d1992 mx r 00010 spa d a79786 a80758 a9683624030 a91212 cCHAP04a595.78bB400aBeutelspacher Baigts, Carlos Rommel.91210510aCatálogo de la colección Roberto Müller (Lepidoptera:Heterocera) del Museo de Historia Natural de la ciudad de Méxicoc/por Carlos R. Beutelspaacher B. aMéxico, D. F. :bUniversdidad Nacional Autónoma de México. Instituto de Biología,c1992. a465 p. aUNAM.bInstituto de Biología 0aCuadernos del Instituto de Biologíav; 15 aBATCH-UPDb10c20130110lUCH01h1335 aBATCH-UPDb10c20130410lUCH01h0838 aBATCH-UPDb10c20130914lUCH01h0612 aCONVERSIONb10c20130109lUCH01h134414aHeterocéridos.95506014aInsectosxCatálogos y colecciones.95890214aLepidópteros.966252 aUNAM.bInstituto de Biología91160930 aCuadernos del Instituto de Biologíav; 15929841 aBK aLilia Sánchez G. cLIBRO a595.78 B4bBCcCd33724000752754eCgI.201598h97215i91212sbt$190.00 c79786d79786 00102ddc4051708CaBCbBCcPA_CONSULTAd2019-12-31eI.201598fLIBROl0o595.78 B4p33724000752754r2019-12-31 00:00:00w2019-12-31yLIBRO